Campeones del Mundo de Fórmula 1 - Estadísticas

Estadísticas generales
  • Esta prueba ha sido intentada 1.038 veces
  • La puntuación promedio es 38 de 68
Estadísticas de respuestas
Año Piloto % Correcto
2008 Lewis Hamilton
94%
2014 Lewis Hamilton
94%
2015 Lewis Hamilton
94%
2017 Lewis Hamilton
94%
2005 Fernando Alonso
93%
2006 Fernando Alonso
93%
1994 Michael Schumacher
87%
1995 Michael Schumacher
87%
2000 Michael Schumacher
87%
2001 Michael Schumacher
87%
2002 Michael Schumacher
87%
2003 Michael Schumacher
87%
2004 Michael Schumacher
87%
2010 Sebastian Vettel
87%
2011 Sebastian Vettel
87%
2012 Sebastian Vettel
87%
2013 Sebastian Vettel
87%
1988 Ayrton Senna
82%
1990 Ayrton Senna
82%
1991 Ayrton Senna
82%
2016 Nico Rosberg
79%
2007 Kimi Räikkönen
73%
1985 Alain Prost
71%
1986 Alain Prost
71%
1989 Alain Prost
71%
1993 Alain Prost
71%
1951 Juan Manuel Fangio
68%
1954 Juan Manuel Fangio
68%
1955 Juan Manuel Fangio
68%
1956 Juan Manuel Fangio
68%
1957 Juan Manuel Fangio
68%
1975 Niki Lauda
68%
1977 Niki Lauda
68%
1984 Niki Lauda
68%
2009 Jenson Button
67%
1998 Mika Häkkinen
60%
1999 Mika Häkkinen
60%
1981 Nelson Piquet
44%
1983 Nelson Piquet
44%
1987 Nelson Piquet
44%
1976 James Hunt
42%
1996 Damon Hill
40%
1982 Keke Rosberg
40%
1972 Emerson Fittipaldi
37%
1974 Emerson Fittipaldi
37%
1992 Nigel Mansell
37%
1997 Jacques Villeneuve
35%
1952 Alberto Ascari
31%
1953 Alberto Ascari
31%
1962 Graham Hill
27%
1968 Graham Hill
27%
1969 Jackie Stewart
26%
1971 Jackie Stewart
26%
1973 Jackie Stewart
26%
1963 Jim Clark
24%
1965 Jim Clark
24%
1959 Jack Brabham
21%
1960 Jack Brabham
21%
1966 Jack Brabham
21%
1950 Nino Farina
20%
1961 Phil Hill
19%
1978 Mario Andretti
18%
1980 Alan Jones
16%
1979 Jody Scheckter
15%
1964 John Surtees
13%
1958 Mike Hawthorn
12%
1967 Denny Hulme
11%
1970 Jochen Rindt
11%
No se encontraron pruebas coincidentes
Distribución de puntuación
Porcentaje de gente con cada puntuación
Porcentaje por número respondido
Historial de tus puntuaciones
No has intentado esta prueba.